[Event "St Petersburg-ch"]
[Site "St Petersburg"]
[Date "1997.??.??"]
[Round "3"]
[White "Nepomnishay, Mikhail I"]
[Black "Sakaev, Konstantin"]
[Result "0-1"]
[WhiteElo "2465"]
[BlackElo "2580"]
[Annotator "Avrukh,B"]
[PlyCount "48"]
[EventDate "1997.03.04"]
[EventType "swiss"]
[EventRounds "9"]
[EventCountry "RUS"]
[SourceTitle "CBM 058"]
[Source "ChessBase"]
[SourceDate "1997.06.01"]
[SourceVersion "1"]
[SourceVersionDate "1997.06.01"]
[SourceQuality "1"]

1. d4 Nf6 2. c4 e6 3. Nf3 b6 4. g3 Ba6 5. Nbd2 c5 6. e4 cxd4 7. e5 Ng4 8. Bg2
Nc6 9. O-O Bc5 $5 $146 {[%cal Gc5g1,Gg4e3]} (9... Rc8 {Avrukh,B} 10. Qa4 Bb7
11. h3 Nh6 12. Nxd4 Nxd4 {1/2-1/2 Nepomnishay Mikhail I-Aseev Konstantin N/Ch
St. Petersburg, St. Petersburg (Russ 1996}) (9... Rb8 {Avrukh,B} 10. Re1 Qc7
11. Ne4 Ngxe5 12. Nxe5 Nxe5 13. Bf4 f6 14. Qh5+ Kd8 15. Ng5 g6 16. Qh4 {
1-0 Panczyk,K-Stempin,P/POL-ch Lublin 1988 (22) With very strong attack for
white.[Avrukh,B]}) 10. Qa4 $2 {White at once reacted not in the best way.
[Avrukh,B]} (10. a3 {Avrukh,B} Ne3 $1 {Black's main idea.} 11. fxe3 dxe3 12.
Kh1 exd2 $17) (10. Ne4 $1 {[%csl Gg4] Avrukh,B} Bxc4 (10... Ngxe5 11. Nxe5 Nxe5
12. Bf4 $44 Nxc4 (12... Nc6 13. Qa4 Bb7 14. Bd6 $36) 13. Nxc5 bxc5 14. Bxa8 (
14. Qa4 Qc8 15. Bxa8 Nb6 $17 {[%cal Ga6f1]}) 14... Qxa8 (14... Nxb2 $2 15. Qg4
$40) 15. Qg4 O-O (15... g6 $5) 16. Bh6 (16. b3 f5 17. Qe2 Ne3 $19) 16... g6 17.
Qf4 Qb8 $44) 11. Re1 Bd5 (11... f5 12. Nxc5 bxc5 13. h3 Nh6 14. Bxh6 gxh6 15.
Qc1 {[%cal Gc1h6,Gc1c5]}) 12. Nxc5 bxc5 13. Nxd4 $1 {[%cal Gd1g4]} Nxd4 14.
Qxg4 $44 {[Avrukh,B]}) 10... Bb7 11. Nb3 (11. Ne4 {Avrukh,B} Ncxe5 12. Nxe5
Nxe5 13. Bf4 Nd3 $1 $19 {[Avrukh,B]}) 11... Qc7 (11... Ncxe5 $6 {Avrukh,B} 12.
Nxe5 Bxg2 13. Nxg4 Bxf1 14. Kxf1 $11 {[Avrukh,B]}) 12. Bf4 h6 {[%csl Ge5][%cal
Gg7g5]} (12... Ne7 $143 {Avrukh,B} 13. Rad1 Bc6 14. Qa6 Bb7 $11 {[Avrukh,B]})
13. Rad1 $2 {after this move , game is over.} (13. h3 $142 {Avrukh,B} g5 14.
hxg4 gxf4 15. gxf4 Rg8 16. Nxc5 bxc5 17. Nh2 O-O-O {[%cal Gd7d6]} 18. b4 (18.
Qb5 d6 19. exd6 Qxd6 20. b4 cxb4 $17) 18... Nxb4 19. Bxb7+ Kxb7 20. a3 Nc6 21.
Qb5+ Qb6 22. Rab1 Kc7 23. Qa4 Qa5 24. Qxa5+ Nxa5 25. Rb5 Nc6 (25... Nb7 26.
Rfb1 Rb8 27. Kf1 a6 28. Rb6 Na5 $19) 26. Rxc5 a6 $17 {[%csl Gc5]}) (13. h4 {
Avrukh,B} g5 14. hxg5 hxg5 15. Nxc5 bxc5 16. Bxg5 (16. Nxg5 Ncxe5 $17) 16...
Ngxe5 17. Nxe5 Nxe5 18. Bf6 Bxg2 $17 {[Avrukh,B]}) 13... g5 $19 14. Bc1 Ngxe5 {
Black , simply too pawns up[because white cannot take on d4],and there in no
chances for any sensible counterplay,for white.[Avrukh,B ]} 15. Nbd2 (15. Nbxd4
{Avrukh,B} Nxd4 16. Nxd4 Bxg2 17. Kxg2 Bxd4 18. Rxd4 Qb7+ 19. f3 g4 $19 {
[Avrukh,B]}) 15... a5 16. a3 O-O 17. Qc2 f5 18. b3 g4 19. Nxe5 Nxe5 20. Bb2
Bxg2 21. Kxg2 Qc6+ 22. Kg1 Nf7 $1 {[%cal Gf7g5,Gg5h3]} 23. Qd3 Ng5 {[%cal
Gg5h3]} 24. f3 e5 0-1

[Event "Radulescu Memorial"]
[Site "Calimanesti"]
[Date "1999.??.??"]
[Round "1"]
[White "Navrotescu, Catalin"]
[Black "Cioara, Andrei Nestor"]
[Result "1-0"]
[WhiteElo "2443"]
[BlackElo "2398"]
[Annotator "Avrukh,B"]
[PlyCount "63"]
[EventDate "1999.02.??"]
[EventType "tourn"]
[EventRounds "13"]
[EventCountry "ROU"]
[EventCategory "8"]
[SourceTitle "CBM 070"]
[Source "ChessBase"]
[SourceDate "1999.06.08"]
[SourceVersion "1"]
[SourceVersionDate "1999.06.08"]
[SourceQuality "1"]

1. d4 Nf6 2. c4 e6 3. Nf3 b6 4. g3 Ba6 5. Nbd2 c5 6. Bg2 Nc6 7. dxc5 bxc5 8.
O-O Be7 $6 (8... Rb8 9. b3 Be7 10. Bb2 Qc7 11. e4 d6 12. Re1 {[%cal Ge4e5]} e5
$1 $13 {0-1 Weiss,R-Kohlweyer,B/BL2-SW 1990/BL2 (34)}) (8... Bb7 9. Ng5 $5 {
[%csl Gd6][%cal Gd2e4]} d5 $1 (9... Be7 $6 10. Nde4 $1 Nxe4 (10... O-O 11.
Nxf6+ (11. Nd6 Qb6 12. Nxb7 Qxb7 13. b3 $14) 11... Bxf6 12. Ne4 Be7 13. Nd6 $14
) 11. Nxe4 d5 $6 12. cxd5 exd5 13. Nc3 d4 14. Qa4 Qd7 15. Nd5 $16) 10. cxd5
Nxd5 (10... exd5 $2 11. e4 $16) 11. Ndf3 Be7 12. Bd2 h6 13. Ne4 O-O 14. Rc1 Qb6
$11 {1/2-1/2 Hellsten,J-Hjartarson,J/Bermuda 1997/CBM 58/[Avrukh,B] (43)}) (
8... Qc7 9. b3 Be7 10. Bb2 O-O 11. Re1 Rad8 12. Rc1 d6 13. Qc2 Nd7 14. Ne4 d5 (
14... h6 $5) 15. cxd5 exd5 16. Neg5 g6 17. h4 {[%cal Gh4h5]} Nde5 18. Nxe5 Nxe5
19. Bd4 $1 {1/2-1/2 Zhidkov,V-Dautov,R/Sverdlovsk 1989 (28)}) 9. e4 (9. Qa4 Bb7
(9... Qb6 10. Ne5 $1) (9... Qa5 $142 $1 10. Qxa5 Nxa5 $11) 10. Ne5 Na5 11. Ndf3
O-O 12. Rd1 d6 13. Bd2 $1 dxe5 14. Bxa5 Qb8 15. Bc3 e4 16. Ne5 Qc7 17. Qa5 $16
{1-0 Nemet Ivan-Zeller Frank/Tournament (team), Wasserburg (Germany) 1996 (31)}
) 9... O-O (9... Qc7 $6 10. e5 Ng4 11. Re1 O-O 12. Qa4 $1 Bb7 13. h3 Nh6 14.
Ne4 $16) (9... d6 10. e5 $1 Nd7 (10... dxe5 $2 11. Qa4 $18 {[%cal Gf3e5]}) 11.
exd6 Bxd6 12. Ne4 Be7 13. Nd6+ Bxd6 14. Qxd6 $16) (9... e5 10. b3 O-O 11. Bb2
d6 12. Ne1 $14 {[%cal Ge1d3,Gf2f4]}) 10. e5 Ng4 11. Qe2 Qc7 12. Re1 f6 (12...
Rae8 13. h3 Nh6 14. b3 f5 15. Bb2 Nf7 16. Rad1 Bc8 17. Nb1 {[%cal Gb1c3]} d6
18. exd6 Bxd6 19. Nc3 a6 20. Rd2 $14 {and white's pressure is very unpleasant
Kock,H-Arkhipov,S/HUN-chop Gyor 1990/1/2-1/2 (52)}) 13. exf6 gxf6 $2 (13...
Nxf6 $142 14. Nf1 $1 $14 (14. Nb3 {[%cal Gc1f4]} Rae8 (14... Nd5 15. Ng5 {
[%cal Gg5e6]} Bxg5 16. Bxg5 $14) 15. Bf4 Qb6 {[%cal Gb6b4]}) (14. b3 Bb7 15.
Bb2 a5 $132 {[%cal Ga5a4]}) 14... Nd5 $140 {[%cal Ge7f6]} 15. Ne3 $1) 14. b3
$16 {The opening part of the game was finished clearly in white's favour.They
have very comfortable position and their play is very easy.On the other hand
black's position is very unpleasant: black's knight on g4 is bad placed ,the
pawn structure doesn't give to black to create any serious counterplay and
gives to white good opportunities to attack it.} Bb7 (14... f5 15. Bb2 Bf6 16.
Bxf6 Nxf6 17. Qe3 $1 {[%csl Gc5][%cal Ge3g5]}) 15. Bb2 Nh6 16. Nh4 $6 {[%cal
Ge2h5]} (16. Rad1 $1 Nf7 $140 17. Ne4 $1 $16) 16... f5 $1 (16... Nd4 17. Qh5
Nf7 18. Bxb7 Qxb7 19. Bxd4 cxd4 20. Ndf3 {[%csl Gd4]} Bb4 21. Re2 $16) 17. Qh5
Bf6 18. Bxf6 Rxf6 19. Qg5+ Kf7 20. Ndf3 (20. Bf3 {[%cal Gf3h5]} Ng8 (20... Rg8
$140 $2 21. Bh5+ Ke7 22. Nxf5+ $1 Nxf5 23. Qxg8) 21. Rad1 Nd4 22. Bh5+ Kf8 23.
Ndf3 Qc6 $13) 20... Rg8 (20... d6 $142 $1 21. Rad1 e5 22. Qd2 Kg8 23. Ng5 Kh8
$1 {[%cal Ga8g8] doesn't look clear at all.} (23... Nd4 24. Nhf3)) 21. Qd2 (21.
Qe3 Ng4 $1 22. Qxc5 d6 23. Qb5 a6 24. Qa4 Qb6 {[%csl Gf2]} (24... f4) 25. Re2
f4 {[%csl Ya4]} 26. Rd1 e5 $44) 21... Ke7 (21... Rg7 22. Rad1 Kg8 23. Qc3 Rf8
24. Qe3 $1 $16 {[%cal Ge3h6,Ge3c5]}) 22. Rad1 Nf7 (22... f4 23. Qc3 {[%cal
Gf3e5]} Nf7 24. Rd5 $1 {[%csl Yc5][%cal Gh4f5]}) 23. Qe3 Ncd8 $2 (23... Nb4
$142 $1 24. Re2 f4 25. Qc3 (25. gxf4 $2 Rxf4 (25... Bxf3 26. Nxf3 Rfg6 27. Nh4
Rg4 28. Nf5+ Kf8 29. Ng3 $16) 26. Rxd7+ Kxd7 27. Qxe6+ Kd8 28. Rd2+ Nd5 29.
cxd5 Bc8 $17) 25... d6 $13) 24. Re2 {[%cal Ge2d2]} Be4 (24... f4 25. Qd3 {
[%cal Gd3h7]}) 25. Ne1 (25. Red2 d6 26. Ne1 Bxg2 27. Nhxg2 Nc6 28. Nf4 Nce5 $14
) 25... Bxg2 26. Nexg2 {[%cal Gg2f4]} Kf8 27. Nf4 (27. Red2 d6 28. Nf4 $5)
27... Rg4 28. Nhg2 d6 {[%csl Ge6]} (28... Kg8 $6 29. Qc3 $1 Rh6 30. Nd5 $18 {
[%cal Gd5f6]}) 29. Qc3 Ne5 (29... Qe7 $2 30. Nd5 $18) (29... Rh6 $16) 30. Red2
Ndf7 $2 {[%mdl 8192]} (30... Ndc6 $8 31. Rxd6 (31. Ne3 $2 Rxf4 $1 32. gxf4 Nf3+
33. Kg2 (33. Kh1 Ncd4 $40 {[%cal Gc7b7]}) 33... Ncd4 $17) 31... Nd4 32. R1xd4 (
32. Ra6 Nef3+ 33. Kh1 Rh6 34. h4 (34. h3 Rxg3 35. fxg3 Rxh3+ 36. Nxh3 Qxg3 $19)
34... Nxh4 35. gxh4 Rgxh4+ 36. Nxh4 Qxf4 $19) (32. R6xd4 $144 cxd4 33. Rxd4)
32... cxd4 33. Rxd4 Kf7 34. Rd1 Rg8 35. Ne1 $16 {[%cal Ge1f3,Gf4d3] White is
clearly better,but still it's a lot of game to play.}) 31. Rxd6 $1 Nxd6 32.
Qxe5 1-0

[Event "Novgorod"]
[Site "Novgorod"]
[Date "1997.06.11"]
[Round "1"]
[White "Kasparov, Garry"]
[Black "Gelfand, Boris"]
[Result "1-0"]
[WhiteElo "2795"]
[BlackElo "2700"]
[Annotator "Avrukh,B"]
[PlyCount "73"]
[EventDate "1997.06.11"]
[EventType "tourn"]
[EventRounds "10"]
[EventCountry "RUS"]
[EventCategory "19"]
[SourceTitle "CBM 060"]
[Source "ChessBase"]
[SourceDate "1997.09.29"]
[SourceVersion "1"]
[SourceVersionDate "1997.09.29"]
[SourceQuality "1"]

1. d4 {Dokhoian} Nf6 2. c4 e6 3. Nf3 b6 4. g3 Ba6 5. b3 d5 6. Bg2 dxc4 $6 7.
Ne5 Bb4+ 8. Kf1 Bd6 (8... Nfd7) (8... c6) 9. Nxc4 Nd5 10. e4 Ne7 11. Bb2 (11.
Bf3 $6 Nbc6 12. Kg2 Bxc4 13. bxc4 e5 14. d5 Nd4 15. Be3 c5 {and black was O.K.
0-1 Jasnikowski,Z-Lau,R/Polanica Zdroj 1986 (37)}) (11. e5 $2 Bxe5 12. Bxa8
Qxd4 13. Qxd4 Bxd4 14. Nc3 Bxc3 15. Rb1 c6 $17) 11... Nbc6 12. Nbd2 O-O (12...
e5 13. d5 Na5 14. Kg1 Nxc4 15. Nxc4 Bxc4 16. bxc4 O-O 17. Bh3 f5 18. Kg2 $16 {
Kasparov-V.Atlas 1996}) 13. Kg1 b5 14. Nxd6 $1 $146 (14. Ne3 f5 (14... e5 15.
d5 (15. Nf3 exd4 16. Nxd4 Be5 $11) 15... Nd4 16. Nf3 c5 {gives black good
chances.}) 15. exf5 exf5 16. a3 Qe8 $2 (16... f4 $142 17. Nd5 Bb7 $5) 17. f4
Rd8 18. b4 Kh8 19. Kf2 Bb7 20. Re1 a5 21. d5 Nb8 22. Nb3 $16 {[%cal Gd1d4] 1-0
Burger,K-Petursson,M/Reykjavik op 1986 (43)}) 14... cxd6 15. h4 {[%cal Gh4h5,
Gh5h6]} Qb6 (15... d5 $142 {Dokhoian} 16. e5 (16. h5 {Gelfand}) 16... Qb6 17.
Nf3 f6) 16. h5 $6 {[%cal Gh1h4,Gh4g4]} (16. d5 Ne5 {[%cal Ge5d3]} (16... Nd4 $5
) 17. Nf1 b4 18. Bd4 Qa5 19. Ne3 (19. h5 $2 exd5 20. exd5 Bxf1 $1 21. Kxf1 Nf5
$15) 19... exd5 (19... Rac8 20. h5 h6 {leads to the game.}) 20. exd5 f5 21. f4
Nd3 22. h5 h6 23. Nc4 Bxc4 24. bxc4 Nc5 25. Kh2 $16) 16... h6 $6 (16... Nxd4 $1
17. h6 g6 18. Nc4 (18. Nf3 Nxf3+ 19. Qxf3 f6 (19... f5 20. exf5 Rac8 (20...
Nxf5 21. Qc3 e5 22. Bd5+ Kh8 23. Bxa8 Rxa8 24. Rc1 Bb7 25. Rh3 Nd4 26. Qc7 Nf3+
27. Kf1 Qxc7 28. Rxc7 Be4 29. g4 $14) (20... gxf5 21. Qe2 e5 22. Bxe5 b4 23.
Qb2 $16) 21. f6 {[%cal Gf3e2]} (21. Qe2 e5 22. fxg6 Nxg6 $13) 21... Nf5 22. g4
Nd4 23. Qe3 $16) 20. Bxf6 e5 21. g4 Nc6 22. g5 Nd4 $13) 18... Ne2+ $1 (18...
bxc4 19. Bxd4 Qc7 20. Bf6 {and white has good compensation.}) 19. Qxe2 bxc4 20.
Bf6 cxb3 21. Qb2 Nc6 22. Be7 (22. axb3 $2 e5) 22... Nd4 (22... Qd4 23. Qxd4
Nxd4 24. axb3 Rfe8 25. Bxd6 Bb7 26. Ra4) 23. Bxf8 Rxf8 24. axb3 e5 25. Kh2 $13)
17. d5 Ne5 {[%cal Ge5d3]} (17... Nd4 18. Nf3 (18. Nc4 Ne2+ (18... bxc4 19. Bxd4
Qa5 20. dxe6 fxe6 21. Qg4 e5 22. Be3 cxb3 23. Qe6+ Rf7 24. Qxb3 $16) 19. Qxe2
bxc4 20. Qd2 (20. Qg4 e5 21. Qd7 Rfe8) 20... e5 (20... cxb3 21. axb3 e5 22. Qa5
$14 {[%csl Rd6]}) 21. b4 f5 22. a4 $14) 18... Nxf3+ 19. Bxf3 e5 20. g4 $1 Rac8
21. Bc1 {[%cal Gg4g5]} Rc3 (21... f6 22. Be3 $16 {[%csl Ra6,Re7]}) 22. Be3 (22.
Bd2 $2 Rd3 23. Be2 Rd4) 22... Rxe3 23. fxe3 Qxe3+ 24. Kg2 $16) 18. Nf1 {
/\ Bd4,Ne3,Rh4 פe7} b4 {[%cal Ge5d3]} 19. Bd4 Qa5 (19... Be2 20. Bxb6 Bxd1 21.
Rxd1 axb6 22. f4 Ng4 23. dxe6 Rxa2 24. Rxd6 $16) 20. Ne3 Rac8 (20... Nd3 {
[%cal Ge6e5]} {also good} 21. Nc4 (21. Bf1 e5 22. Bxd3 exd4 23. Nc2 (23. Nc4
$143 Qc5 24. Rc1 Rac8 25. Kg2 f5 $132) 23... Bxd3 24. Qxd3 f5 (24... Rac8 25.
Nxd4 Rc3 26. Qb5 $16) 25. Qxd4 fxe4 26. Nxb4 $16) 21... Bxc4 22. bxc4 Qa3 23.
Qb3 exd5 24. cxd5 {and white is clearly better.}) 21. Rh4 Rc7 (21... Nd3 22.
Bh3 $1 (22. Bf1 Nc5 $14) 22... e5 $140 23. Bxc8 Rxc8 24. Nc4 $1 $18) 22. Qd2
$16 {[%cal Ga2a3]} (22. Bxe5 $2 dxe5 23. d6 Rd7) 22... Rc3 $2 (22... Nd3 $142
23. Nc4 (23. a3 $143 e5 24. axb4 Qxb4 25. Qxb4 Nxb4 {[%csl Gh4]} 26. Bxe5 dxe5
27. d6 Rd7 28. dxe7 Rxe7 29. Nd5 Nxd5 30. exd5 Bb5 $11) 23... Bxc4 24. bxc4 e5
(24... Qa3 25. Rd1 e5 26. Qxd3 Qxd3 27. Rxd3 exd4 28. Rxd4 (28. e5 $2 Rxc4 (
28... Nc8 29. e6 $16) 29. Rhxd4 Rxd4 30. Rxd4 dxe5 31. Rxb4 Rd8 $11) 28... Rfc8
29. Bf1 a5 30. g4 a4 31. f4 $16 Rb7 32. Rh2) (24... Ne5 25. Bxe5 dxe5 26. d6
Rd7 27. Rg4 $1 {[%cal Gd2h6]} Nc8 28. Qxh6 f6 29. Qg6 $16 {[%cal Gh5h6]}) 25.
Qxd3 exd4 26. e5 $1 $16) (22... Rfc8 {Dokhoian} 23. Ng4 Rc2 (23... exd5 24.
Nxh6+ gxh6 (24... Kh7 25. Ng4 dxe4 26. h6 g6 27. Nf6+ Kh8 28. Nxe4) 25. Qxh6
Be2 26. Qxd6 $40) 24. Nxh6+ Kh7 (24... gxh6 25. Qxh6 Be2 26. Qf6 $5 (26. dxe6))
25. Qf4 f6 (25... f5 26. Qg5) 26. Ng4 $1 (26. dxe6 $5 gxh6 27. Qxf6 Ng8 28.
Qf5+ Kh8 29. g4 $36) 26... Rxa2 (26... Nxg4 27. Qxg4 e5 28. Be3) 27. Rxa2 Qxa2
28. Nxf6+ gxf6 29. Qxf6 Ng8 30. Qxe6 $18) 23. Bxc3 bxc3 24. Qd4 $18 exd5 25.
exd5 Qc7 (25... Be2 26. Re1 Nf3+ 27. Bxf3 Bxf3 28. Nc4 Qxa2 29. Qxc3 $18) 26.
Qd1 (26. Rc1 $143 Rc8 {[%cal Ge5d3]}) 26... Rc8 27. Be4 {[%csl Gd3]} Qb6 28.
Rf4 Bb7 29. Rc1 Qa5 30. Rc2 Kh8 31. Bg2 Ba6 32. Ra4 Qb6 33. Nc4 $1 Bxc4 34.
bxc4 Nf5 (34... Nxc4 {Dokhoian} 35. Rxc3 Nb2 36. Rxc8+ Nxc8 37. Qe2 Nxa4 38.
Qe8+ Kh7 39. Be4+) 35. Rxc3 Nd4 $2 $138 36. c5 Rxc5 (36... dxc5 {Dokhoian} 37.
Rxd4) 37. Qxd4 1-0